Scholz, Anna-Lena: Kleist/ Kafka
| Titel: | Scholz, Anna-Lena: Kleist/ Kafka / Dirk Oschmann |
|---|---|
| Verfasser: | |
| In: |
Arbitrium, Band 36, Heft 1 (2018), Seite 87-88 alle Artikel anzeigen |
| Veröffentlicht: | 2018 |
| Format: | Aufsatz |
| Sprache: | Deutsch |
X
alg: 43251967
001A $04504:12-06-18
001B $01999:19-07-19 $t14:59:44.000
001C $04504:12-06-18 $t14:18:23.000
001D $04504:12-06-18
001U $0utf8
001X $00
002@ $0Aou
002C $aText $btxt $2rdacontent
002D $aohne Hilfsmittel zu benutzen $bn $2rdamedia
002E $aBand $bnc $2rdacarrier
003@ $043251967X
007A $043251967X $aHEB
010@ $ager
010E $erda
011@ $a2018
013D $#Newspapers Sections, columns, etc. Reviews $#Book reviewing $#Journaux Cahiers, chroniques, etc. Comptes rendus $#Livres Recension $#Rezension $#Buchbesprechung $#Buchrezension $#Buchkritik $74049712-4 $8Rezension [Ts1] $9085138568
021A $aScholz, Anna-Lena: Kleist/ Kafka $hDirk Oschmann
028A $BVerfasser $4aut $7112890881 $8Oschmann, Dirk$Z1967- [Tp1] $9147324815
031A $d36 $e1 $h87-88 $j2018
039B $aEnthalten in $8--Abvc--. Arbitrium. - Berlin {[u.a.] : de Gruyter, 1983-. - ISSN 0723-2977 $x201800000360001913 $9047464550
039T $aRezension von $8--Aau--Scholz, Anna-Lena$Z1984- [Tp3]. Kleist/ Kafka. - 1. Auflage. - Freiburg i.Br. : Rombach Verlag, [2016]. - 422 Seiten. - Illustrationen. - ISBN 978-3-7930-9839-3 $9384838367
045T $a7,20 $b7,12
045T $aAVL $qDE-30 $2FID
045T $aGER $qDE-30 $2FID
045V $813.14.00$jZu einzelnen Autoren [Tkx] $9118843613
045V $817.18.00$jZu einzelnen Autoren [Tkx] $9118843737
lok: 43251967 62
exp: 43251967 62 1 #EPN
201B/01 $012-06-18 $t22:05:26.000
203@/01 $01023508214
208@/01 $a12-06-18 $be
209A/01 $a/ $f000 $x00
209B/01 $a2018 $x05
247C/01 $8Frankfurt, Bibliographie der Deutschen Sprach- und Literaturwissenschaft $9113214561
201U/01 $0utf8
lok: 43251967 78
exp: 43251967 78 1 #EPN
201B/01 $010-03-23 $t13:06:05.000
201C/01 $010-03-23
201U/01 $0utf8
203@/01 $01228848963
208@/01 $a10-03-23 $be
209A/01 $a/ $f000 $x00
209A/01 $ab*p $x01
209S/01 $uhttps://doi.org/10.1515/arb-2018-0009 $XH
220C/01 $apgar
244Z/01 $#Electronic publications $#Publications électroniques $#Elektronische Publikation $#Computerdatei Formschlagwort $#Datei Formschlagwort $#Elektronisches Dokument $#Magnetband Formschlagwort $#Magnetbandkassette Formschlagwort $#Elektronische Ressource $#Digitale Publikation $74514269-5 $8--Ts1--Elektronische Publikation $x21 $9089274407
247C/01 $82080>Marburg/Lahn, Herder-Institut, Forschungsbibliothek, Bibliographieportal $9336309341
| LEADER | 00000caa a2200000 c 4500 | ||
|---|---|---|---|
| 001 | 43251967X | ||
| 003 | DE-603 | ||
| 005 | 20190719145944.0 | ||
| 007 | tu | ||
| 008 | 180612s2018 xx |||| | u00||u|ger c | ||
| 035 | |a (DE-599)HEB43251967X | ||
| 040 | |a DE-603 |b ger |c DE-603 |d DE-603 |e rda | ||
| 041 | |a ger | ||
| 084 | |a 7,20 |2 ssgn | ||
| 084 | |a AVL |q DE-30 |2 fid | ||
| 084 | |a GER |q DE-30 |2 fid | ||
| 100 | 1 | |a Oschmann, Dirk |d 1967- |e Verfasser |4 aut |0 (DE-603)147324815 |0 (DE-588)112890881 |2 gnd | |
| 245 | 0 | 0 | |a Scholz, Anna-Lena: Kleist/ Kafka |c Dirk Oschmann |
| 264 | 0 | |c 2018 | |
| 336 | |a Text |b txt |2 rdacontent | ||
| 337 | |a ohne Hilfsmittel zu benutzen |b n |2 rdamedia | ||
| 338 | |a Band |b nc |2 rdacarrier | ||
| 655 | 7 | |a Rezension |2 gnd-content |0 (DE-588)4049712-4 |0 (DE-603)085138568 | |
| 773 | 0 | 8 | |i Enthalten in |t Arbitrium |d Berlin [u.a.] : de Gruyter, 1983- |h 23 cm |x 0723-2977 |g Band 36, Heft 1 (2018), Seite 87-88 |w (DE-603)047464550 |w (DE-600)283620-8 |
| 787 | 0 | 8 | |i Rezension von |a Scholz, Anna-Lena, 1984- |t Kleist/ Kafka |b 1. Auflage |d Freiburg i.Br. : Rombach Verlag, [2016] |h 422 Seiten, Illustrationen |z 3793098397 |z 9783793098393 |w (DE-603)384838367 |
| 924 | 0 | |9 603 |a (DE-603)1023508214 |b DE-603 |c HES |d d | |
| 924 | 0 | |9 2080 |a (DE-603)1228848963 |b DE-2080 |c HES |d d |g / |k https://doi.org/10.1515/arb-2018-0009 | |


